| 000 | 00669nam a2200217Ia 4500 | ||
|---|---|---|---|
| 005 | 20220323173059.0 | ||
| 008 | 210716s2009 xx 000 0 und d | ||
| 020 | _a9788120346604 | ||
| 040 | _cAIMIT LIBRARY | ||
| 041 | _aeng | ||
| 082 |
_a657.3 _22 _bSING |
||
| 100 |
_aSinha, Gokul. _925523 |
||
| 245 |
_aFinancial statement analysis / _cBy Gokul Sinha |
||
| 250 | _a2nd ed. | ||
| 260 |
_aNew Delhi : _bPHI Learning private limited , _c2009. |
||
| 300 |
_axiv,621p. ; _c23.5 cm |
||
| 650 |
_aFinancial Reporting and Analyais. _925524 |
||
| 650 |
_aRatio Analysis. _925525 |
||
| 651 |
_aCahs Flow Statement Analysis. _925526 |
||
| 942 |
_2ddc _cBK _e2nd _k657.3 SING |
||
| 999 |
_c208095 _d208095 |
||